[Event "DDS League and op 12th"]
[Site "Tuzla"]
[Date "2006.09.19"]
[Round "8"]
[White "Stjepanovic, Nenad"]
[Black "Fontan, Tihomir"]
[Result "1/2-1/2"]
[WhiteElo "1985"]
[BlackElo "2057"]
[PlyCount "45"]
[EventDate "2006.09.15"]
[EventType "team"]
[EventRounds "9"]
[EventCountry "BIH"]
[SourceTitle "CBM 114 Extra"]
[Source "ChessBase"]
[SourceDate "2006.11.03"]
[SourceVersion "1"]
[SourceVersionDate "2006.11.03"]
[SourceQuality "1"]

1. e4 e5 2. Nf3 Nf6 3. Nc3 Nc6 4. d4 exd4 5. Nxd4 d6 6. f3 Be7 7. Be3 0-0 8. Qd2 d5 9. 0-0-0 Bb4 10. Nxc6 bxc6 11. Bg5 Bxc3 12. bxc3 Qd6 13. Qd4 Qa3+ 14. Kd2 c5 15. Qe3 Re8 16. Bxf6 gxf6 17. Qf4 dxe4 18. Qxf6 e3+ 19. Ke1 e2 20. Qg5+ Kf8 21. Qh6+ Kg8 22. Qg5+ Kf8 23. Qh6+ 1/2-1/2